00501nam a22001697a 450000500170000001000150001702000250003203500140005703700090007108200110008010000220009124500600011325000060017326000440017927000880022330000200031120241202154332.0 aENG-142748 c50.00a9789350693834 aEN-126280 bDBAD a230.51 aPanda, Arun Kumar aRasamayee Maa:cby Arun Kumar PandabEnchanting Mother/ a1 aA.PbSri Sathya sai Sadhana Trustc2019 bPrasanthi NilayamaAnantapur Districe515134morders@sssbpt.orgk011-287375l287236 a130p.c22cm(pb)